| 000 | 01013nas a2200337 4500 | ||
|---|---|---|---|
| 001 | BR0205412 | ||
| 003 | BR-BrBNA | ||
| 005 | 20231205103345.0 | ||
| 007 | ta | ||
| 008 | 230509b bl.|||p| |||| 00| 00por d | ||
| 040 |
_aBR-BrBNA _bpor _cBiblioteca Nacional de Agricultura |
||
| 041 | _a(Pt) | ||
| 072 | _aL02 | ||
| 100 | 1 | _aPinheiro, J.W. | |
| 100 | 1 | _aFonseca, N.A.N. | |
| 100 | 1 | _aSilva, C.A. da | |
| 100 | 1 | _aCabrera, L. | |
| 100 | 1 | _aBruneli, F.A.T. | |
| 100 | 1 | _aTakahashi, S.E. | |
| 245 | 1 | _aFarelo de girassol na alimentação de frangos de corte em diferentes fases de desenvolvimento | |
| 650 | _aFRANGO DE CORTE | ||
| 650 | _aFARELO | ||
| 650 | _aGIRASSOL | ||
| 650 | _aRAÇÃO | ||
| 650 | _aNUTRIÇÃO ANIMAL | ||
| 650 | _aEFICIÊNCIA NUTRICIONAL | ||
| 650 | _aCRESCIMENTO | ||
| 773 | 0 |
_tRevista Brasileira de Zootecnia (Brazil) _xISSN 1516-3598 _g(May-Jun 2002), v. 31(3)Suplemento p. 1418-1425 _wBR0205412 |
|
| 909 |
_a202311 _bLúcia _c55 _dLúcia Elande |
||
| 942 |
_2AGRIS _n0 _cANA |
||
| 999 |
_c172439 _d172439 |
||